|
|
|
|
| LEADER |
00000nam0a2200000 4500 |
| 001 |
60615 |
| 005 |
20231101211906.0 |
| 010 |
|
|
|a 5217003774
|
| 035 |
|
|
|a (RuTPU)RU\TPU\book\64101
|
| 090 |
|
|
|a 60615
|
| 100 |
|
|
|a 20040216d1991 m y0rusy50 ca
|
| 101 |
0 |
|
|a rus
|
| 102 |
|
|
|a RU
|
| 105 |
|
|
|a a j 001zy
|
| 200 |
1 |
|
|a Гироскопические приборы, автоматические бортовые системы управления самолетов и их техническая эксплуатация
|e учебное пособие
|f В. Ю. Алтухов, В. В. Стадник
|
| 210 |
|
|
|a Москва
|c Машиностроение
|d 1991
|
| 215 |
|
|
|a 160 с.
|c ил.
|
| 225 |
1 |
|
|a Для техникумов
|
| 320 |
|
|
|a Библиогр.: с. 160.
|
| 606 |
|
|
|a Навигационная гироскопия
|2 stltpush
|3 (RuTPU)RU\TPU\subj\44690
|9 63970
|
| 610 |
1 |
|
|a авиация
|
| 610 |
1 |
|
|a самолетостроение
|
| 610 |
1 |
|
|a самолеты
|
| 610 |
1 |
|
|a гироскопические приборы
|
| 610 |
1 |
|
|a автоматизация
|
| 610 |
1 |
|
|a управление
|
| 610 |
1 |
|
|a бортовые системы
|
| 610 |
1 |
|
|a эксплуатация
|
| 610 |
1 |
|
|a навигационные системы
|
| 610 |
1 |
|
|a пилотажно-навигационные приборы
|
| 610 |
1 |
|
|a учебные пособия
|
| 675 |
|
|
|a 629.73.05(075.32)
|v 3
|
| 700 |
|
1 |
|a Алтухов
|b В. Ю.
|g Владимир Юрьевич
|
| 701 |
|
1 |
|a Стадник
|b В. В.
|g Владимир Васильевич
|
| 801 |
|
1 |
|a RU
|b 63413507
|c 20040216
|g PSBO
|
| 801 |
|
2 |
|a RU
|b 63413507
|c 20170911
|g PSBO
|
| 942 |
|
|
|c BK
|